NBA players by memes - Statistics

General Stats
  • This quiz has been taken 96 times
  • The average score is 7 of 8
Answer Stats
Picture Answer % Correct
Lebron James
100%
James harden
95%
Michael Jordan
94%
Kawhi Leonard
92%
Russell Westbrook
91%
Klay Thompson
66%
Patrick Beverley
58%
Nick Young
56%
No matching quizzes found
Score Distribution
Percent of People with Each Score
Percentile by Number Answered
Your Score History
You have not taken this quiz